<?xml version="1.0" encoding="UTF-8"?>
<record
    xmlns:xsi="http://www.w3.org/2001/XMLSchema-instance"
    xsi:schemaLocation="http://www.loc.gov/MARC21/slim http://www.loc.gov/standards/marcxml/schema/MARC21slim.xsd"
    xmlns="http://www.loc.gov/MARC21/slim">

  <leader>01784nam2a2200253 i 4500</leader>
  <controlfield tag="001">RU\NLR\BIBL_A\010751706</controlfield>
  <controlfield tag="005">20240728161929.0</controlfield>
  <datafield tag="010" ind1=" " ind2=" ">
    <subfield code="a">9785983612143</subfield>
  </datafield>
  <datafield tag="021" ind1=" " ind2=" ">
    <subfield code="a">RU</subfield>
    <subfield code="b">2015-25297</subfield>
    <subfield code="9">1495</subfield>
  </datafield>
  <datafield tag="035" ind1=" " ind2=" ">
    <subfield code="a">(NLR Aleph) 010751706</subfield>
  </datafield>
  <datafield tag="090" ind1=" " ind2=" ">
    <subfield code="a">9943764</subfield>
    <subfield code="c">9943764</subfield>
  </datafield>
  <datafield tag="100" ind1=" " ind2=" ">
    <subfield code="a">20150513d2015    u  y0rusy50      ca</subfield>
  </datafield>
  <datafield tag="101" ind1="1" ind2=" ">
    <subfield code="a">rus</subfield>
    <subfield code="a">san</subfield>
    <subfield code="c">und</subfield>
  </datafield>
  <datafield tag="102" ind1=" " ind2=" ">
    <subfield code="a">RU</subfield>
  </datafield>
  <datafield tag="105" ind1=" " ind2=" ">
    <subfield code="a">ac  z   000yy</subfield>
  </datafield>
  <datafield tag="200" ind1="0" ind2=" ">
    <subfield code="a">&#x422;. 3</subfield>
    <subfield code="f">[&#x43F;&#x435;&#x440;.: &#x414;&#x438;&#x43D;&#x430;&#x448;&#x440;&#x430;&#x44F; &#x434;&#x430;&#x441; &#x438; &#x434;&#x440;.]</subfield>
  </datafield>
  <datafield tag="210" ind1=" " ind2=" ">
    <subfield code="d">2015</subfield>
  </datafield>
  <datafield tag="215" ind1=" " ind2=" ">
    <subfield code="a">230, [1] &#x441;.</subfield>
    <subfield code="c">&#x438;&#x43B;., &#x43F;&#x43E;&#x440;&#x442;&#x440;.</subfield>
  </datafield>
  <datafield tag="300" ind1=" " ind2=" ">
    <subfield code="a">&#x427;&#x430;&#x441;&#x442;&#x44C; &#x442;&#x435;&#x43A;&#x441;&#x442;&#x430; &#x43D;&#x430; &#x441;&#x430;&#x43D;&#x441;&#x43A;&#x440;&#x438;&#x442;&#x435;</subfield>
  </datafield>
  <datafield tag="461" ind1=" " ind2="0">
    <subfield code="1">001RU\NLR\BIBL_A\010786999</subfield>
    <subfield code="1">2000#$a&#x41F;&#x440;&#x43E;&#x43F;&#x43E;&#x432;&#x435;&#x434;&#x438; &#x425;&#x440;&#x430;&#x43D;&#x438;&#x442;&#x435;&#x43B;&#x44F; &#x43F;&#x440;&#x435;&#x434;&#x430;&#x43D;&#x43D;&#x43E;&#x441;&#x442;&#x438;$e[&#x444;&#x440;&#x430;&#x433;&#x43C;&#x435;&#x43D;&#x442;&#x44B; &#x431;&#x435;&#x441;&#x435;&#x434; &#x441; &#x415;&#x433;&#x43E; &#x411;&#x43E;&#x436;&#x435;&#x441;&#x442;&#x432;&#x435;&#x43D;&#x43D;&#x43E;&#x439; &#x41C;&#x438;&#x43B;&#x43E;&#x441;&#x442;&#x44C;&#x44E; &#x428;&#x440;&#x438;&#x43B;&#x43E;&#x439; &#x411;&#x445;&#x430;&#x43A;&#x442;&#x438; &#x420;&#x430;&#x43A;&#x448;&#x430;&#x43A;&#x43E;&#x43C; &#x428;&#x440;&#x438;&#x434;&#x445;&#x430;&#x440;&#x43E;&#x43C; &#x414;&#x435;&#x432;-&#x413;&#x43E;&#x441;&#x432;&#x430;&#x43C;&#x438; &#x41C;&#x430;&#x445;&#x430;&#x440;&#x430;&#x434;&#x436;&#x435;&#x43C;, &#x43E;&#x441;&#x43D;&#x43E;&#x432;&#x430;&#x442;&#x435;&#x43B;&#x435;&#x43C;-&#x430;&#x447;&#x430;&#x440;&#x44C;&#x435;&#x439; &#x428;&#x440;&#x438; &#x427;&#x430;&#x439;&#x442;&#x430;&#x43D;&#x44C;&#x44F; &#x421;&#x430;&#x440;&#x430;&#x441;&#x432;&#x430;&#x442; &#x41C;&#x430;&#x442;&#x445;&#x430;$e&#x432; 4 &#x442;.]$f&#x421;&#x432;&#x430;&#x43C;&#x438; &#x428;&#x440;&#x438;&#x434;&#x445;&#x430;&#x440;$g[&#x428;&#x440;&#x438; &#x427;&#x430;&#x438;&#x442;&#x430;&#x43D;&#x44C;&#x44F; &#x421;&#x430;&#x440;&#x430;&#x441;&#x432;&#x430;&#x442; &#x41C;&#x430;&#x442;&#x445;]$v&#x422;. 3</subfield>
    <subfield code="1">700#1$a&#x428;&#x440;&#x438;&#x434;&#x445;&#x430;&#x440;$b&#x411;. &#x420;.$f1895-1988$g&#x411;&#x445;&#x430;&#x43A;&#x442;&#x438; &#x420;&#x430;&#x43A;&#x448;&#x430;&#x43A;$3RU\NLR\AUTH\779546</subfield>
    <subfield code="9">10096480</subfield>
    <subfield code="a">&#x428;&#x440;&#x438;&#x434;&#x445;&#x430;&#x440;, &#x411;. &#x420;. (1895-1988)</subfield>
    <subfield code="c">[&#x41C;&#x43E;&#x441;&#x43A;&#x432;&#x430;]</subfield>
    <subfield code="d">2015</subfield>
    <subfield code="e">[&#x418;&#x437;&#x434;. 2-&#x435;, &#x434;&#x43E;&#x43F;.]</subfield>
    <subfield code="f">&#x421;&#x432;&#x430;&#x43C;&#x438; &#x428;&#x440;&#x438;&#x434;&#x445;&#x430;&#x440;</subfield>
    <subfield code="n">&#x428;&#x440;&#x438; &#x427;&#x430;&#x439;&#x442;&#x430;&#x43D;&#x44C;&#x44F; &#x421;&#x430;&#x440;&#x430;&#x441;&#x432;&#x430;&#x442; &#x41C;&#x430;&#x442;&#x445;</subfield>
    <subfield code="o">[&#x444;&#x440;&#x430;&#x433;&#x43C;&#x435;&#x43D;&#x442;&#x44B; &#x431;&#x435;&#x441;&#x435;&#x434; &#x441; &#x415;&#x433;&#x43E; &#x411;&#x43E;&#x436;&#x435;&#x441;&#x442;&#x432;&#x435;&#x43D;&#x43D;&#x43E;&#x439; &#x41C;&#x438;&#x43B;&#x43E;&#x441;&#x442;&#x44C;&#x44E; &#x428;&#x440;&#x438;&#x43B;&#x43E;&#x439; &#x411;&#x445;&#x430;&#x43A;&#x442;&#x438; &#x420;&#x430;&#x43A;&#x448;&#x430;&#x43A;&#x43E;&#x43C; &#x428;&#x440;&#x438;&#x434;&#x445;&#x430;&#x440;&#x43E;&#x43C; &#x414;&#x435;&#x432;-&#x413;&#x43E;&#x441;&#x432;&#x430;&#x43C;&#x438; &#x41C;&#x430;&#x445;&#x430;&#x440;&#x430;&#x434;&#x436;&#x435;&#x43C;, &#x43E;&#x441;&#x43D;&#x43E;&#x432;&#x430;&#x442;&#x435;&#x43B;&#x435;&#x43C;-&#x430;&#x447;&#x430;&#x440;&#x44C;&#x435;&#x439; &#x428;&#x440;&#x438; &#x427;&#x430;&#x439;&#x442;&#x430;&#x43D;&#x44C;&#x44F; &#x421;&#x430;&#x440;&#x430;&#x441;&#x432;&#x430;&#x442; &#x41C;&#x430;&#x442;&#x445;&#x430; : &#x432; 4 &#x442;.]</subfield>
    <subfield code="t">&#x41F;&#x440;&#x43E;&#x43F;&#x43E;&#x432;&#x435;&#x434;&#x438; &#x425;&#x440;&#x430;&#x43D;&#x438;&#x442;&#x435;&#x43B;&#x44F; &#x43F;&#x440;&#x435;&#x434;&#x430;&#x43D;&#x43D;&#x43E;&#x441;&#x442;&#x438;</subfield>
    <subfield code="v">&#x422;. 3</subfield>
  </datafield>
  <datafield tag="942" ind1=" " ind2=" ">
    <subfield code="c">BOOK</subfield>
  </datafield>
  <datafield tag="980" ind1=" " ind2=" ">
    <subfield code="a">NBR</subfield>
  </datafield>
</record>
